000 00482nmm a2200169Ia 4500
008 251105s9999||||xx |||||||||||||||||und||
020 _a9789681605322
041 _aspa
100 _aValadés, Edmundo
245 0 _aEl libro de la imaginación
264 _a[México D.C., Mexico] :
_bFondo de Cultura Económica,
_c2015
300 _a240 páginas
490 _aPopular
650 _aOther narratives
856 _uhttps://public.digitaliapublishing.com/a/43704
942 _cCF
999 _c96739
_d96739